Library of the University of Algiers 3
Ibrahim Sultan Cheibout
شعار جامعة الجزائر 3
مكتبة جامعة الجزائر 3
إبراهيم سلطان شيبوط

منهجية البحث العلمي / (رقم التسجيلة. 41009)

تفاصيل مارك
000 -LEADER
fixed length control field 01761nam a2200253Ia 4500
003 - CONTROL NUMBER IDENTIFIER
control field Ost
005 - DATE AND TIME OF LATEST TRANSACTION
control field 20260416102351.0
008 - FIXED-LENGTH DATA ELEMENTS--GENERAL INFORMATION
fixed length control field 260416s9999||||xx |||||||||||||| ||und||
040 ## - CATALOGING SOURCE
Transcribing agency fsecg
041 ## - LANGUAGE CODE
Language code of text/sound track or separate title ara
082 ## - DEWEY DECIMAL CLASSIFICATION NUMBER
Classification number 1.42
100 ## - MAIN ENTRY--PERSONAL NAME
Personal name بورويس، عبد العالي
Relator term مؤلف
245 #0 - TITLE STATEMENT
Title منهجية البحث العلمي /
Statement of responsibility, etc. عبد العالي بورويس
246 ## - VARYING FORM OF TITLE
Title proper/short title Scientific Research Methodology
260 ## - PUBLICATION, DISTRIBUTION, ETC.
Place of publication, distribution, etc. الجزائر
Name of publisher, distributor, etc. جامعة الجزائر3: كلية العلوم الإقتصادية، العلوم التجارية وعلوم التسيير
Date of publication, distribution, etc. 2016
300 ## - PHYSICAL DESCRIPTION
Extent 111 ورقة
Other physical details ايضاحات
Dimensions 30 سم
504 ## - BIBLIOGRAPHY, ETC. NOTE
Bibliography, etc. note مراجع ص.110
520 ## - SUMMARY, ETC.
Summary, etc. مفهوم وطبيعة العلم، البحث العلمي المفهوم الخصائص والأنواع، مناهج البحث العلمي (الاستنباطي، والاستقرائي)، مناهج البحث العلمي( المناهج الاجرائية)، أنواع البحوث الجامعية، أدوات جمع المعلومات( الملاحظة، المقابلة والاستبيان)، تحليل البيانات احصائيا، المراجع والمصادر وطريقة الافادة منها، خطوات البحث العلمي، تقنيات استخدام الهامش، أسلوب الكتابة العلمية لتقرير البحث، الجوانب الفنية للشكل العام للبحث، التعرف على المكتبة وموجوداتها
653 ## - INDEX TERM--UNCONTROLLED
Uncontrolled term البحث
653 ## - INDEX TERM--UNCONTROLLED
Uncontrolled term المناهج
653 ## - INDEX TERM--UNCONTROLLED
Uncontrolled term طرق البحث
710 ## - ADDED ENTRY--CORPORATE NAME
Corporate name or jurisdiction name as entry element جامعة الجزائر3: كلية العلوم الإقتصادية، العلوم التجارية وعلوم التسيير
Relator term ناشر علمي
942 ## - ADDED ENTRY ELEMENTS (KOHA)
Koha item type مطبوعات
المقتنيات
Withdrawn status Lost status Source of classification or shelving scheme Damaged status Not for loan Home library Current library Date acquired Serial enumeration / chronology Inventory number Total checkouts Full call number Barcode Date last seen Price effective from Koha item type
    Dewey Decimal Classification   NOT LOAN / إعارة داخلية مكتبة كلية العلوم الإقتصادية والعلوم التجارية وعلوم التسيير مكتبة كلية العلوم الإقتصادية والعلوم التجارية وعلوم التسيير 16/04/2026 الطابق الثاني مط.60-1   مط.60 ن1 مط.60-1 16/04/2026 16/04/2026 مطبوعات

موارد الويب المفتوحة


© University of Algiers 3 All Rights Reserved
|
Implemented by LECHELAH Riad